01237nam a22002657a 4500003000400000005001700004008004100021040001100062082001400073100002900087245001400116260012900130300002300259490002800282505022000310505013000530505004400660505002800704505002900732505002200761650004500783650004400828650005500872650004400927OSt20230516083651.0230516b |||||||| |||| 00| 0 eng d cLado V 2708aK82f aKontova, Helenaeeditora aFlashArt/ aAustraliaaAustriaaBelgicaaCanadaaFranciaaAlemaniaaGran BretañaaHolandaaItaliaaEspañaaIrlandabGEA POLITIc2005 a152p.c20.5x27.5cm a243vXXXVIIIx0394-1493 aFlash Art Newst51 Venice Biennale Dreams and Nightmares Aperto San Francisco New York, New York London Eye Italian Landscape New York Tales Replay Prague Biennale 2: In images 51 Venice Biennale: In images aFeaturestWilhelm Sasnal There are no Rules Hans Schabus John Currin Latin America Now Teresa Margolles Almost Brothers aSpotlighttReykjavik Arts Festival 2005 aOuverturetScoli Acosta aGlobal ArttNathan Coley aFlash Art Reviews 2Tesauro de Arte & ArquitecturaaCATALOGO 2Tesauro de Arte & ArquitecturaaREVISTA 2Tesauro de Arte & ArquitecturaaARTE INTERNACIONAL 2Tesauro de Arte & ArquitecturaaCRITICA